| 000 | 00972nas a2200325 4500 | ||
|---|---|---|---|
| 001 | BR0302398 | ||
| 003 | BR-BrBNA | ||
| 005 | 20231205103801.0 | ||
| 007 | ta | ||
| 008 | 230509b bl.|||p| |||| 00| 00por d | ||
| 040 |
_aBR-BrBNA _bpor _cBiblioteca Nacional de Agricultura |
||
| 041 | _a(Pt) | ||
| 072 | _aN01; F06 | ||
| 100 | 1 | _aCruz, M. das G.M. da | |
| 100 | 1 | _aAndrade, E.M. de | |
| 100 | 1 | _aNess, R.L.L. | |
| 100 | 1 | _aMeireles, A.C.M. | |
| 245 | 1 | _aCarcterização das água superficiais e subterrâneas do projeto Jaguaribe-APODI | |
| 650 | _aÁGUAS SUPERFICIAIS | ||
| 650 | _aÁGUAS SUBTERRÂNEAS | ||
| 650 | _aVARIAÇÃO SAZONAL | ||
| 650 | _aSALINIDADE | ||
| 650 | _aMÉTODO ESTATÍSTICO | ||
| 650 | _aPH | ||
| 650 | _aELEMENTO QUÍMICO | ||
| 650 | _aANÁLISE | ||
| 773 | 0 |
_tEngenharia Agrícola (Brazil) _xISSN 0100-6916 _g(Jan-Abr 2003), v. 23(1) p. 187-194 _wBR0302398 |
|
| 909 |
_a202311 _bLúcia _c55 _dLúcia Elande |
||
| 942 |
_2AGRIS _n0 _cANA |
||
| 999 |
_c174714 _d174714 |
||